000 00414 a2200145 4500
003 OSt
005 20231108142304.0
008 231108b |||||||| |||| 00| 0 eng d
040 _coclc
082 _a894.8124
_bMUH/M
245 _aMatham Mathatheevravadam Mathamaythri
260 _aKerala:
_bSamanwayam books
_c2002.
300 _a78p
942 _2ddc
_cBK
_h894.8124
_iMUH/M
_k894.8124
_mMUH/M
999 _c42970
_d42970